Journal of Semitic studies.

Bibliographic Details
Corporate Author: University of Manchester. Department of Middle Eastern Studies
Other Authors: Rowley, H. H. (Harold Henry), 1890-1969 (Editor), Weis, Pinkas Rudolf (Editor)
Format: Journal
Language:English
Published: Manchester : Manchester University Press.
Subjects:
Online Availability: Check for online availability

MARC

Tag First Indicator Second Indicator Subfields
LEADER 00000cas a22000001 4500
001 in00001407576
005 20151020062231.0
008 741112u1956uuuuenkfr p 0 0eng
010 |a  58039101  
016 7 |a 100967962  |2 DNLM 
019 |a 1754792 
022 |a 0022-4480 
029 1 |a NLM  |b 100967962 
029 1 |a NLGGC  |b 840451539 
029 1 |a NZ1  |b 4739458 
029 1 |a NZ1  |b 9726246 
030 |a JSSTF5 
035 |a (OCoLC)ocm01782837 
035 |a (OCoLC)01782837 
035 |9 AHP1027AM 
035 |a (OCoLC)1782837  |z (OCoLC)1754792 
040 |a DLC  |c DLC  |d OCL  |d AIP  |d OCL  |d CAS  |d SYS  |d GUA  |d NLM  |d OCLCQ  |d OCL  |d DLC  |d NLGGC  |d LVB  |d GUA  |d UtOrBLW 
042 |a lc 
049 |a TXAM 
050 0 0 |a PJ3001  |b .J6 
210 0 |a J. Semit. stud. 
222 0 |a Journal of Semitic studies 
245 0 0 |a Journal of Semitic studies. 
264 1 |a Manchester :  |b Manchester University Press. 
310 |a Semiannual,  |b 1961- 
321 |a Quarterly,  |b 1956-60 
336 |a text  |b txt  |2 rdacontent 
337 |a unmediated  |b n  |2 rdamedia 
338 |a volume  |b nc  |2 rdacarrier 
362 0 |a v. 1- Jan. 1956- 
500 |a Latest issue consulted: Volume 49, number 2 (autumn 2004). 
500 |a Editors: Jan. 1956-<Oct. 1957,> H.H. Rowley, P.R. Weis. 
500 |a Title from cover. 
500 |a Description based on: volume 36, number 2 (spring 1991). 
500 |a Editors: Jan. 1956-<Oct. 1957,> H. H. Rowley, P. R. Weis. 
550 |a Vols. for <autumn 2004-> issued by: University of Manchester, Dept. of Middle Eastern Studies. 
650 0 |a Semitic philology  |v Periodicals. 
650 0 |a Jews  |v Periodicals. 
650 1 7 |a Semitische talen.  |2 gtt 
650 6 |a Juifs  |v Périodiques. 
650 6 |a Philologie sémitique  |v Périodiques. 
700 1 |a Rowley, H. H.  |q (Harold Henry),  |d 1890-1969,  |e editor. 
700 1 |a Weis, Pinkas Rudolf,  |e editor. 
710 2 |a University of Manchester.  |b Department of Middle Eastern Studies. 
776 0 8 |i Online version:  |t Journal of Semitic studies (Online)  |w (DLC) 2007233917  |w (OCoLC)51822646 
948 |a C:BS  |a Inactive Gift Dr. J. Harner 
994 |a C0  |b TXA 
949 |a updated  |b h  |c 2008/3/25  |e spoltoratski  |f 1:07:05 pm 
999 |a MARS 
999 f f |s a408a725-c147-34f1-92f1-caebae991696  |i 2cd96082-e5cd-36d4-bc3e-848ee1b4d70e  |t 0 
952 f f |p serial  |a Texas A&M University  |b College Station  |c Sterling C. Evans Library  |d Evans: Library Stacks  |t 0  |e PJ3001 .J6  |h Library of Congress classification  |i unmediated -- volume  |k v.36  |l 1991  |m A14822510777 
952 f f |p serial  |a Texas A&M University  |b College Station  |c Sterling C. Evans Library  |d Evans: Library Stacks  |t 0  |e PJ3001 .J6  |h Library of Congress classification  |i unmediated -- volume  |k v.39:no.1  |l 1994:Spring  |m A14835078603 
952 f f |p serial  |a Texas A&M University  |b College Station  |c Sterling C. Evans Library  |d Evans: Library Stacks  |t 0  |e PJ3001 .J6  |h Library of Congress classification  |i unmediated -- volume  |k v.38  |l 1993  |m A14823337813 
952 f f |p serial  |a Texas A&M University  |b College Station  |c Sterling C. Evans Library  |d Evans: Library Stacks  |t 0  |e PJ3001 .J6  |h Library of Congress classification  |i unmediated -- volume  |k v.41  |l 1996  |m A14826820823 
952 f f |p serial  |a Texas A&M University  |b College Station  |c Sterling C. Evans Library  |d Evans: Library Stacks  |t 0  |e PJ3001 .J6  |h Library of Congress classification  |i unmediated -- volume  |k v.42  |l 1997  |m A14828790553 
952 f f |p serial  |a Texas A&M University  |b College Station  |c Sterling C. Evans Library  |d Evans: Library Stacks  |t 0  |e PJ3001 .J6  |h Library of Congress classification  |i unmediated -- volume  |k v.37  |l 1992  |m A14822510264 
952 f f |p serial  |a Texas A&M University  |b College Station  |c Sterling C. Evans Library  |d Evans: Library Stacks  |t 0  |e PJ3001 .J6  |h Library of Congress classification  |i unmediated -- volume  |k v.40:no.2  |l 1995:Autumn  |m A14835078564 
998 f f |a PJ3001 .J6  |s v.41-42 (1996-1997)  |t 0  |l Evans: Library Stacks